MARC

LEADER 00000nam0a2200000 4500
001 673699
005 20240712132552.0
090 |a 673699 
100 |a 20240712d1979 k||y0rusy50 ca 
101 0 |a rus 
102 |a RU 
105 |a a z 101yy 
181 0 |a i   |b  e  
182 0 |a n 
183 0 |a nc  |2 RDAcarrier 
200 1 |a Штамповка в мелкосерийном производстве  |e материалы семинара  |f Общество "Знание" РСФСР, Московский Дом научно-технической пропаганды 
203 |a Текст  |b визуальный  |c непосредственный 
210 |a Москва  |d 1979 
215 |a 206 с.  |c ил. 
283 |a volume  |2 RDAcarrier 
320 |a Литература в конце отдельных статей 
606 1 |a Штамповка листовая  |9 44675 
610 1 |a мелкосерийное производство 
610 1 |a комплексная механизация 
610 1 |a изготовляемые детали 
610 1 |a инструменты 
610 1 |a технологические процессы 
610 1 |a семинары 
675 |a 621.98(063)  |v 4 
712 0 2 |a Общество "Знание" РСФСР  |c (Москва)  |c (1963-1991)  |4 570  |9 24337 
712 0 2 |a Московский Дом научно-технической пропаганды  |4 570  |9 24405 
801 0 |a RU  |b 63413507  |c 20240712 
830 |a Ретро2024Каталогизация Шило 
850 |a 63413507 
942 |c BK